The Legend of Zelda: Ocarina of Time Enemies Quiz Stats

 Plays Quiz not verified by Sporcle

Support Sporcle.
Go Orange.
Score 0/80 Timer 12:00
0 Plays Today
% Correct
Ganondorf
76.2%
Dark Link
73.1%
Ganon
71.9%
Phantom Ganon
70.4%
Dodongo
69.8%
Keese
69.6%
Ice Keese
69.4%
Poe
68.4%
Skulltula
68%
Gerudo Guard
67.8%
Gerudo Thief
67.4%
Stalfos
67.3%
Bongo Bongo
67.3%
Big Skulltula
66.9%
Redead
66.9%
Fire Keese
66.1%
Like Like
65.9%
Octorok
65.7%
Lizalfos
64.7%
Wolfos
64.5%
Deku Scrub
64.3%
King Dodongo
63.4%
Skull Kid
63%
White Wolfos
62.8%
Flying Pot
62.4%
Gohma
62%
Volvagia
61.4%
Wallmaster
60%
Gold Skulltula
59.3%
Mad Scrub
59.3%
Deku Baba
58.9%
Business Scrub
58.7%
Floormaster
58.7%
Twinrova
58.7%
Big Deku Baba
58.3%
Shabom
57.5%
Moblin
57.3%
Club Moblin
57.1%
Morpha
57.1%
Iron Knuckle
55.9%
% Correct
Big Poe
54.4%
Gibdo
54.4%
Armos
53%
Blue Tektite
52.8%
Peahat Larva
52%
Barinade
51.9%
Peahat
51.5%
Beamos
51.3%
Red Tektite
51.1%
Fire Eye
51.1%
Dead Hand
51.1%
Blue Bubble
50.7%
Big Octo
50.5%
Door Mimic
49.9%
Stalchild
49.3%
Green Bubble
48.7%
Red Bubble
48.1%
Amy
44.1%
Sharp
43.9%
Flat
42.9%
Baby Dodongo
42.1%
Meg
41.1%
Anubis
40.4%
Beth
40.2%
Dinolfos
39%
Spike
39%
Guay
37.6%
Leever
37.4%
Gohma Larva
36.5%
Bari
35.7%
Flare Dancer
35.5%
Parasitic Tentacle
35.1%
Freezard
32.7%
Blade Trap
32.7%
Joelle
28.8%
Torch Slug
27.3%
Biri
24.4%
Shell Blade
21.2%
Stinger
16.2%
Tailpasaran
12.7%

You're not logged in!

Compare scores with friends on all Sporcle quizzes.
OR
Log In

From the Vault

NFL 4000+ Season Passing

by Sam

They say that defenses are what wins games in the NFL, we think throwing the ball over 4,000 yards also helps.
Remove Ads.
Support Sporcle.
Get the best of Sporcle when you Go Orange. This ad-free experience offers more features, more stats, and more fun while also helping to support Sporcle. Thank you for becoming a member.

Show Comments

Extras

Top Quizzes Today


Score Distribution

Your Account Isn't Verified!

In order to create a playlist on Sporcle, you need to verify the email address you used during registration. Go to your Sporcle Settings to finish the process.

Report this User

Report this user for behavior that violates our Community Guidelines.

Details: